| Поле | Инд. | ПП | Название | Значение |
|---|---|---|---|---|
| Тип записи | a | |||
| Библиографический уровень | b | |||
| 001 | Контрольный номер | RU/IS/BASE/191414224 | ||
| 005 | Дата корректировки | 20200522190956.5 | ||
| 008 | Кодируемые данные | 20060124 | ||
| 084 | a | Индекс другой классификации/Индекс ББК | 65.29; 65.290(2Рос) | |
| 100 | 1_ | a | Автор | Газман В. Д. |
| 245 | a | Заглавие | Развитие лизингового бизнеса России и его концентрация | |
| 504 | a | Библиография | Лит.: с. 477 - 478 | |
| 650 | a | Основная рубрика | бизнес | |
| a | Основная рубрика | экономика | ||
| 653 | a | Ключевые слова | антимонопольное регулирование | |
| a | Ключевые слова | Европа | ||
| a | Ключевые слова | инвестиции | ||
| a | Ключевые слова | индекс Херфиндаля-Хиршмана | ||
| a | Ключевые слова | конкуренция | ||
| a | Ключевые слова | лизинг | ||
| a | Ключевые слова | лизинговое имущество | ||
| a | Ключевые слова | лизинговые компании | ||
| a | Ключевые слова | лизинговые услуги | ||
| a | Ключевые слова | лизинговый рынок | ||
| a | Ключевые слова | логистические операции | ||
| a | Ключевые слова | регионы России | ||
| a | Ключевые слова | Россия | ||
| a | Ключевые слова | финансовый лизинг | ||
| a | Ключевые слова | ценообразование | ||
| a | Ключевые слова | экономика предприятия | ||
| 773 | t | Заглавие источника | Экономический журнал ВШЭ | |
| d | Дата издания источника | 2005 | ||
| g | Прочая информация | Т. 9, № 4. - С. 451 - 477 : 10 табл. | ||
| w | Контрольный № источника | RU/IS/BASE/190393739 | ||
| 901 | t | Тип документа | b |